000 01486nam0a22002651 4500
001 rc\3165184
005 20260408003353.0
021 _aRU
_bРг5747-76
021 _aRU
_b76-15086
035 _a(NLR Aleph) 007304845
090 _a5748608
_c5748608
100 _a20120615d1976 |||y0rusy50 ca
101 0 _arus
102 _aRU
105 _ay z |||||
200 1 _aПерспективные направления обезвреживания соленых вод в бессточных системных предприятий черной металлургии
_fГос. ком. Совета Министров СССР по наук и технике. Междунар. симпозиум стран -членов СЭВ и СФРЮ по вопросам разработки и применения безотодных и малоотходных технол. процессов, Дрезден, март. 1976 г.
210 _aМосква
_cБ. и.
_d1976
215 _a11 с.
_d21
700 1 _aОстровский
_bО.
712 1 2 _aМеждународный симпозиум стран-членов СЭВ и СФРЮ по вопросам разработки и применения безотходных и малоотходных технологических процессов
_f1976
_eДрезден
_3RU\NLR\AUTH\8810167889
_9831597
801 0 _aRU
_bNLR
_gpsbo
801 1 _aRU
_bELAR
_2rusmarc
852 _aNLR
_j76-6/3889
942 _cBOOK
980 _aNB